Zostaň so mnou

Bibliographic Details
Main Author: Adebayo, Ayobami, 1988- (Author)
Other Authors: Ostrihoňová, Anna (Translator), Pucherová, Dobrota, 1977- (Author of afterword, colophon, etc.)
Format: Book
Language:Slovak
English
PhysicalDescription:261 strán 22 cm
Published: Bratislava Inaque 2019
ISBN:9788082070364
Edition:Prvé vydanie
Series:Pandora
Subjects:

MARC

LEADER 00000cam a2200000 4500
001 vtls011904811
003 SK-MaSNL
005 20260301225303.0
008 200507s2019 xo gr 000 f slo
015 |a SNBA2020/01 
020 |a 9788082070364  |q (viazané) 
035 |a urn:nbn:sk:snk-am00dykp 
035 |a urn:nbn:sk:snk-am3i9kv 
035 |a B877C4EF-D6F0-48B3-ADE7-2A34C52677EE 
040 |a SNK  |b slo  |c SNK  |e rda 
041 1 |a slo  |h eng 
044 |a xo  |c SK 
072 7 |a 821  |x Literatúry v rôznych jazykoch  |2 konspekt 
080 |a 821.111(669)-31  |2 2011 
100 1 |a Adebayo, Ayobami,  |d 1988-  |4 aut  |9 214785 
240 1 0 |a Stay with me  |l Slovensky 
245 1 0 |a Zostaň so mnou  |c Ayọ̀bámi Adébáyọ̀ ; z anglického originálu Stay with me ... preložila Aňa Ostrihoňová ; doslov Dobrota Pucherová 
250 |a Prvé vydanie 
264 1 |a Bratislava  |b Inaque  |c 2019 
300 |a 261 strán  |c 22 cm 
336 |a text  |b txt  |2 rdacontent 
337 |a bez média  |b n  |2 rdamedia 
338 |a zväzok  |b nc  |2 rdacarrier 
490 1 |a Pandora 
500 |a Vydalo vydavateľstvo Inaque v spoločnosti ARThur, s. r. o. 
655 7 |a nigérijské romány  |2 SNKPH  |9 108332 
655 7 |a Nigerian fiction  |2 SNKPHeng  |9 303481 
700 1 |a Ostrihoňová, Anna  |4 trl  |9 305145 
700 1 |a Pucherová, Dobrota,  |d 1977-  |4 aft  |9 134911 
710 2 |a ARThur (Bratislava, Slovensko).  |b Inaque  |4 pbl  |9 303505 
830 0 |a Pandora  |9 302433 
919 |a 978-80-8207-036-4 
958 |a LX 
958 |a UP 
968 |b ENG 
999 |c 950346  |d 952276 
952 |a SNK  |b SNK  |y PREZ  |7 0  |p 17A1417238  |o snkSC 187260 D1  |i snk2020/6374  |8 0  |0 0  |1 0  |4 0  |d 2020-03-12  |l 0  |r 2026-02-24 09:46:29  |w 2026-02-24 
952 |a SNK  |b SNK  |y PREZ  |7 0  |p 17A1412797  |o snkSC 187260  |i snk2019/32514  |8 0  |0 0  |1 0  |4 0  |d 2019-12-19  |f 1  |l 0  |r 2026-02-24 09:46:29  |w 2026-02-24